Catálogo
 En Linea

La acción pública para la imposición de las penas es un derecho cuya sanción pertenece al orden internacional. (Registro nro. 55721)

Detalles MARC
000 -CABECERA
campo de control de longitud fija 01075nam a2200265 i 4500
003 - IDENTIFICADOR DEL NÚMERO DE CONTROL
campo de control DO-SdBNP
005 - FECHA Y HORA DE LA ÚLTIMA TRANSACCIÓN
campo de control 20240117145329.0
006 - CÓDIGOS DE INFORMACIÓN DE LONGITUD FIJA--CARACTERÍSTICAS DEL MATERIAL ADICIONAL
campo de control de longitud fija a||||fr|||| 00| 0
007 - CAMPO FIJO DE DESCRIPCIÓN FÍSICA--INFORMACIÓN GENERAL
campo de control de longitud fija ta
008 - DATOS DE LONGITUD FIJA--INFORMACIÓN GENERAL
campo de control de longitud fija 240117e1900 dr ||||| m||| 00| 0 spa d
040 ## - FUENTE DE LA CATALOGACIÓN
Centro catalogador/agencia de origen DO-SdBNP
Lengua de catalogación spa
Centro/agencia transcriptor BNPHU
Normas de descripción rda
082 #4 - NÚMERO DE LA CLASIFICACIÓN DECIMAL DEWEY
Número de edición 22
Número de documento/Ítem S211a
100 1# - ENTRADA PRINCIPAL--NOMBRE DE PERSONA
Nombre de persona Sánchez, Lorenzo
9 (RLIN) 71356
Término indicativo de función/relación autor
245 13 - MENCIÓN DE TÍTULO
Título La acción pública para la imposición de las penas es un derecho cuya sanción pertenece al orden internacional.
Mención de responsabilidad, etc. Lorenzo Sánchez
246 13 - FORMA VARIANTE DE TÍTULO
Título propio/Titulo breve Tesis para la licenciatura.
264 #1 - PRODUCCIÓN, PUBLICACIÓN, DISTRIBUCIÓN, FABRICACIÓN Y COPYRIGHT
Producción, publicación, distribución, fabricación y copyright Santo Domingo :
Nombre del de productor, editor, distribuidor, fabricante "Cuna de América",
Fecha de producción, publicación, distribución, fabricación o copyright 1900
300 ## - DESCRIPCIÓN FÍSICA
Extensión 40 páginas ;
Dimensiones 27 cm.
336 ## - TIPO DE CONTENIDO
Fuente rdacontent
Término de tipo de contenido texto
Código de tipo de contenido txt
337 ## - TIPO DE MEDIO
Fuente rdamedia
Nombre/término del tipo de medio sin mediación
Código del tipo de medio n
338 ## - TIPO DE SOPORTE
Fuente rdacarrier
Nombre/término del tipo de soporte volumen
Código del tipo de soporte nc
500 ## - NOTA GENERAL
Nota general Jurado Examinador: Licdo. Don Apolinar Tejera Presidente, Licdo. don Manuel de J. Galván.<br/>Vocales: F. Henríquez y Carvajal.
590 ## - NOTA LOCAL (RLIN)
Nota local Tesis para la Licenciatura de Derecho.<br/>Inventariado 2024 / MF
710 1# - PUNTO DE ACCESO ADICIONAL--NOMBRE DE ENTIDAD CORPORATIVA
Nombre de entidad corporativa o nombre de jurisdicción como elemento de entrada Instituto Profesional de Santo Domingo
Unidad subordinada Facultad de derecho Civil
9 (RLIN) 84773
942 ## - ELEMENTOS DE PUNTO DE ACCESO ADICIONAL (KOHA)
Fuente del sistema de clasificación o colocación Dewey Decimal Classification
Tipo de ítem Koha Folleto
Existencias
Estado de retiro Estado de pérdida Fuente del sistema de clasificación o colocación Restricciones de uso No para préstamo Código de colección Localización permanente Ubicación/localización actual Ubicación en estantería Fecha de adquisición Fuente de adquisición Total de préstamos Signatura topográfica completa Código de barras Fecha visto por última vez Precio válido a partir de Tipo de ítem Koha Nota pública
    Dewey Decimal Classification Excluido de préstamo   Patrimonio Dominicano Biblioteca Nacional Pedro Henríquez Ureña Biblioteca Nacional Pedro Henríquez Ureña En catalogación 17.01.2024 Perteneció a la Biblioteca de Carlos Larrazábal Blanco   S211a 2024-0298 17.01.2024 17.01.2024 Folleto Ejemplar autografiado por el autor

Con tecnología Koha